BETTER ENGLISH PRONOUNCIATION (Record no. 8968)
[ view plain ]
| 000 -LEADER | |
|---|---|
| fixed length control field | 00423nam a2200181 4500 |
| 005 - DATE AND TIME OF LATEST TRANSACTION | |
| control field | 20260328105034.0 |
| 008 - FIXED-LENGTH DATA ELEMENTS--GENERAL INFORMATION | |
| fixed length control field | CU66 |
| 020 ## - INTERNATIONAL STANDARD BOOK NUMBER | |
| International Standard Book Number | 0521231523 |
| 020 ## - INTERNATIONAL STANDARD BOOK NUMBER | |
| International Standard Book Number | 9780521231527 |
| 050 ## - LIBRARY OF CONGRESS CALL NUMBER | |
| Classification number | PE 1128 |
| Item number | .O37 1980 |
| 100 ## - MAIN ENTRY--PERSONAL NAME | |
| Personal name | O'CONNOR J.D. |
| 245 ## - TITLE STATEMENT | |
| Title | BETTER ENGLISH PRONOUNCIATION |
| 250 ## - EDITION STATEMENT | |
| Edition statement | 2ND |
| 260 ## - PUBLICATION, DISTRIBUTION, ETC. | |
| Place of publication, distribution, etc. | LONDON |
| Name of publisher, distributor, etc. | CAMBRIDGE UNIV. PRESS |
| Date of publication, distribution, etc. | 1967 |
| 300 ## - PHYSICAL DESCRIPTION | |
| Extent | 150p. |
| 500 ## - GENERAL NOTE | |
| General note | APPENDIX,GLOSSARY |
| 942 ## - ADDED ENTRY ELEMENTS (KOHA) | |
| Source of classification or shelving scheme | Library of Congress Classification |
| Koha item type | Books |
| Suppress in OPAC | No |
| 999 ## - | |
| -- | 8968 |
| -- | 8968 |
| Withdrawn status | Lost status | Source of classification or shelving scheme | Damaged status | Not for loan | Home library | Current library | Shelving location | Date acquired | Total checkouts | Full call number | Barcode | Date last seen | Price effective from | Koha item type | Collection | Copy number |
|---|---|---|---|---|---|---|---|---|---|---|---|---|---|---|---|---|
| Library of Congress Classification | Business Library (Miotso) | Business Library (Miotso) | General stacks | 03/27/2026 | PE1128 .O37 1980 | BSSM00003139 | 03/28/2026 | 03/27/2026 | Books | Non-fiction | 2 | |||||
| Library of Congress Classification | Business Library (Miotso) | Business Library (Miotso) | General stacks | 03/27/2026 | PE1128 .O37 1980 | BSSM00003140 | 03/28/2026 | 03/27/2026 | Books | Non-fiction | 3 | |||||
| Library of Congress Classification | Business Library (Miotso) | Business Library (Miotso) | General stacks | 03/27/2026 | PE1128 .O37 1980 | BSSM00003141 | 03/28/2026 | 03/27/2026 | Books | Non-fiction | 4 | |||||
| Library of Congress Classification | Graduate Library (Christ Temple) | Graduate Library (Christ Temple) | General stacks | 03/12/2026 | PE 1128 OCO | gsct00003214 | 03/12/2026 | 03/12/2026 | Books |